| 000 | 00676nam a2200229 a 4500 | ||
|---|---|---|---|
| 001 | 72458 | ||
| 003 | BD-RjUL | ||
| 005 | 20211209082249.0 | ||
| 008 | 170518s1961 nkca b 001 0 eng d | ||
| 035 | _a(BD-RjUL)72676 | ||
| 040 |
_aDLC _cDLC _dBD-RjUL _beng |
||
| 041 | _aeng | ||
| 082 | 0 | 0 |
_a910.9 _223 _bFRH 1961 |
| 100 | 1 |
_aFreeman, Thomas Walter _9214299 |
|
| 245 | 1 | 2 |
_aA Hundred Years of Geography / _cT.W. Freeman. |
| 260 |
_aLondon : _bGerald Duckworth, _c1961. |
||
| 300 |
_a334 p. : _bill. ; _c23 cm. |
||
| 504 | _aIncludes bibliographical references (p.267-325) and index. | ||
| 650 | 0 |
_aGeography _xHistory. _9166881 |
|
| 942 |
_2ddc _cBK |
||
| 999 |
_c72458 _d72458 |
||